Moments : (Record no. 31208)
[ view plain ]
| 000 -LEADER | |
|---|---|
| fixed length control field | 02382cam a2200445 i 4500 |
| 001 - CONTROL NUMBER | |
| control field | 20317377 |
| 003 - CONTROL NUMBER IDENTIFIER | |
| control field | EG-ScBUE |
| 005 - DATE AND TIME OF LATEST TRANSACTION | |
| control field | 20260510113900.0 |
| 008 - FIXED-LENGTH DATA ELEMENTS--GENERAL INFORMATION | |
| fixed length control field | 180130s2016 it a f 000 0 eng d |
| 020 ## - INTERNATIONAL STANDARD BOOK NUMBER | |
| International Standard Book Number | 9788857231761 |
| 035 ## - SYSTEM CONTROL NUMBER | |
| System control number | 20317377 |
| 035 ## - SYSTEM CONTROL NUMBER | |
| System control number | (OCoLC)957546222 |
| 040 ## - CATALOGING SOURCE | |
| Original cataloging agency | ERASA |
| Language of cataloging | eng |
| Description conventions | rda |
| Transcribing agency | ERASA |
| Modifying agency | NYP |
| -- | YDXCP |
| -- | BTCTA |
| -- | BDX |
| -- | OCLCF |
| -- | UVV |
| -- | WAU |
| -- | DLC |
| -- | EG-ScBUE |
| 082 04 - DEWEY DECIMAL CLASSIFICATION NUMBER | |
| Classification number | 746.92 |
| Edition number | 22 |
| Item number | MOM |
| 245 00 - TITLE STATEMENT | |
| Title | Moments : |
| Remainder of title | IFFTI conference, Florence, 12-16 May 2015 / |
| Statement of responsibility, etc | produced by Polimoda ; curated by Linda Loppa / Polimoda. |
| 250 ## - EDITION STATEMENT | |
| Edition statement | First edition. |
| 264 #1 - PUBLICATION, DISTRIBUTION, ETC. (IMPRINT) | |
| Place of publication, distribution, etc | Milano ; |
| -- | New York : |
| Name of publisher, distributor, etc | Skira Editore, |
| Date of publication, distribution, etc | 2016. |
| 300 ## - PHYSICAL DESCRIPTION | |
| Extent | 512 pages : |
| Other physical details | illustrations (some color) ; |
| Dimensions | 29 cm |
| 336 ## - CONTENT TYPE | |
| Content type term | text |
| Content type code | txt |
| Source | rdacontent |
| 336 ## - CONTENT TYPE | |
| Content type term | still image |
| Content type code | sti |
| Source | rdacontent |
| 337 ## - MEDIA TYPE | |
| Media type term | unmediated |
| Media type code | n |
| Source | rdamedia |
| 338 ## - CARRIER TYPE | |
| Carrier type term | volume |
| Carrier type code | nc |
| Source | rdacarrier |
| 500 ## - GENERAL NOTE | |
| General note | "The 17th Annual IFFTI 2015 Conference, Momenting the Memento, Florence, 12-16 May 2015"--Title page verso. |
| 520 8# - SUMMARY, ETC. | |
| Summary, etc | In their countless interpretations, fashion, art, architecture, writing, and human sciences were the focus of debates and experimentation at the conference of the International Foundation of Fashion Technology Institutes held in Florence in May 2015. This volume bears witness to the event, divided into six areas of inquiry, represented and linked together by twenty-six installations and performances: the result is a selection of the very best ideas and projects brought to Polimoda from all over the world. A selection of the very best ideas and projects from an international interdisciplinary research project on the cultural value of fashion. |
| 650 #7 - SUBJECT ADDED ENTRY--TOPICAL TERM | |
| Topical term or geographic name as entry element | Fashion |
| General subdivision | Social aspects |
| Form subdivision | Congresses. |
| Source of heading or term | BUEsh |
| 650 #7 - SUBJECT ADDED ENTRY--TOPICAL TERM | |
| Topical term or geographic name as entry element | Fashion and architecture |
| Form subdivision | Congresses. |
| Source of heading or term | BUEsh |
| 650 #7 - SUBJECT ADDED ENTRY--TOPICAL TERM | |
| Topical term or geographic name as entry element | Fashion and art |
| Form subdivision | Congresses. |
| Source of heading or term | BUEsh |
| 650 #7 - SUBJECT ADDED ENTRY--TOPICAL TERM | |
| Topical term or geographic name as entry element | Installations (Art) |
| Geographic subdivision | Italy |
| -- | Florence. |
| Source of heading or term | BUEsh |
| 653 ## - INDEX TERM--UNCONTROLLED | |
| Arrived date list | May2026 |
| Resource For college | Arts and Design |
| 655 ## - INDEX TERM--GENRE/FORM | |
| Form subdivision | Reading book |
| 700 1# - ADDED ENTRY--PERSONAL NAME | |
| Personal name | Loppa, Linda, |
| Relator term | curator. |
| 710 2# - ADDED ENTRY--CORPORATE NAME | |
| Corporate name or jurisdiction name as entry element | Polimoda (Institute), |
| Relator term | producer, |
| -- | curator. |
| 711 2# - ADDED ENTRY--MEETING NAME | |
| Meeting name or jurisdiction name as entry element | IFFTI Annual Conference |
| Number of part/section/meeting | (17th : |
| Date of meeting | 2015 |
| Location of meeting | Florence, Italy) |
| 740 02 - ADDED ENTRY--UNCONTROLLED RELATED/ANALYTICAL TITLE | |
| Uncontrolled related/analytical title | Momenting the Memento. |
| 906 ## - LOCAL DATA ELEMENT F, LDF (RLIN) | |
| a | 7 |
| b | cbc |
| c | copycat |
| d | 2 |
| e | ncip |
| f | 20 |
| g | y-gencatlg |
| 942 ## - ADDED ENTRY ELEMENTS (KOHA) | |
| Source of classification or shelving scheme | Dewey Decimal Classification |
| Koha item type | Book - Borrowing |
| Withdrawn status | Lost status | Source of classification or shelving scheme | Damaged status | Not for loan | Collection code | Home library | Current library | Shelving location | Date acquired | Source of acquisition | Cost, normal purchase price | Serial Enumeration / chronology | Total Checkouts | Full call number | Barcode | Date last seen | Cost, replacement price | Price effective from | Koha item type |
|---|---|---|---|---|---|---|---|---|---|---|---|---|---|---|---|---|---|---|---|
| Dewey Decimal Classification | Baccah | Central Library | Central Library | Second Floor | 10/05/2026 | Purchase | 1026.00 | 40031 | 746.92 MOM | 000057646 | 10/05/2026 | 1282.50 | 10/05/2026 | Book - Borrowing |